000 00691nam a22001937a 4500
003 OSt
005 20140310182339.0
008 130925t xxu||||| |||| 00| 0 eng d
020 _a9780199124572
050 _aPB 6.209.2en
_b.B768 2005
100 _aBourdais, Danie`le.
_921661
245 _aElquipe nouvelle 2 :
_bEncore Cashier d'activities /
_cDaniele Bourdais.
260 _aOxford :
_bOxford University Press,
_cc2005.
300 _a63 p. :
_bill. col. ;
_c28 cm.
651 _aFrench language
_xStudy and teaching (Secondary)
_xEnglish speakers.
_921665
651 _a2. French language
_xTextbooks for foreign speakers
_xEnglish.
_921666
942 _2lcc
_cBK-TR
999 _c12106
_d12106